UK Train Stations - Statistics

General Stats
  • This quiz has been taken 13,071 times
  • The average score is 186 of 2666
Answer Stats
Station Name % Correct
London King's Cross
62%
London Victoria
62%
Manchester Victoria
62%
Aber
59%
Lee
59%
London Euston
56%
London Paddington
56%
London Waterloo
56%
Brighton
55%
Oxford
54%
York
54%
Leeds
53%
Reading
53%
Aberdeen
52%
Birmingham New Street
51%
Cambridge
51%
Manchester Piccadilly
50%
Waterloo (Merseyside)
50%
Liverpool Lime Street
49%
London St Pancras
49%
Norwich
49%
Chester
48%
Plymouth
48%
London Liverpool Street
47%
Sheffield
47%
Swansea
47%
Glasgow Central
46%
Bristol Temple Meads
45%
Cardiff Central
45%
Nottingham
45%
Ash
44%
Carlisle
43%
Leicester
43%
Luton
43%
Preston (Lancs)
43%
Ipswich
42%
Gatwick Airport
41%
Inverness
41%
Stratford (London)
41%
Clapham
40%
Crewe
40%
Heathrow Terminal 4
40%
Heathrow Terminal 5
40%
Heathrow Terminals 1, 2 and 3
40%
Peterborough
40%
Bournemouth
39%
Coventry
39%
Edinburgh Waverley
39%
Penzance
39%
London Bridge
37%
Newport (Essex)
37%
Newport (South Wales)
37%
Doncaster
36%
Dundee
36%
Durham
36%
Southampton Central
36%
Wolverhampton
36%
Northampton
35%
Swindon (Wilts)
35%
Exeter St Davids
34%
Gloucester
34%
Lancaster
34%
Sunderland
34%
London Marylebone
33%
Colchester
32%
Darlington
32%
Ely
32%
Par
32%
Slough
32%
Stoke-on-Trent
32%
Bath Spa
31%
Clapham Junction
31%
Hove
31%
Truro
31%
Wem
31%
Bedford (Midland)
30%
Berwick
30%
Bolton
30%
Newton (Lanark)
30%
Poole
30%
St Ives
30%
Watford Junction
30%
Wimbledon
30%
Aberystwyth
29%
Ashford (Middlesex)
29%
Bristol Parkway
29%
Charing (Kent)
29%
Guildford
29%
Hastings
29%
Hereford
29%
Kingston
29%
Stockport
29%
Woking
29%
Basingstoke
28%
Glasgow Queen Street
28%
Newcastle Central
28%
Salisbury
28%
Scarborough
28%
Stevenage
28%
Winchester
28%
Chelmsford (Essex)
27%
Huddersfield
27%
London Fenchurch Street
27%
Maidenhead
27%
Margate
27%
Perth
27%
Portsmouth Harbour
27%
Rugby
27%
Shrewsbury
27%
Stone (Staffs)
27%
Taunton
27%
Torquay
27%
Ayr
26%
Bangor (Co Down)
26%
Bangor (Gwynedd)
26%
Blackpool North
26%
Chesterfield
26%
Eastbourne
26%
Liverpool Central
26%
London Charing Cross
26%
Middlesbrough
26%
Stafford
26%
St Albans
26%
Birmingham Moor Street
25%
Blackburn
25%
Crawley
25%
Exeter Central
25%
Gillingham (Dorset)
25%
Gillingham (Kent)
25%
Grantham
25%
Great Yarmouth
25%
King's Lynn
25%
Leigh (Kent)
25%
Llandudno
25%
London Blackfriars
25%
Richmond
25%
Vauxhall
25%
Weymouth
25%
Birmingham International
24%
Birmingham Snow Hill
24%
Chichester
24%
Loughborough
24%
Manchester Oxford Road
24%
Milton Keynes Central
24%
Newquay
24%
Stirling
24%
Charing Cross (Glasgow)
23%
East Croydon
23%
Harrogate
23%
Leamington Spa
23%
Southport
23%
Sutton (London)
23%
Weston-super-Mare
23%
Wick
23%
Barking
22%
Barnsley
22%
Blackpool South
22%
Greenwich
22%
Manchester Airport
22%
Roche
22%
West Ham
22%
Wool
22%
Abbey Wood
21%
Aylesbury
21%
Barry
21%
Boston
21%
Cheltenham Spa
21%
Chorley
21%
Croy
21%
Dartford
21%
Eastleigh
21%
Farringdon
21%
Fort William
21%
Macclesfield
21%
Newbury
21%
Ramsgate
21%
Warwick
21%
Banbury
20%
Barrow-in-Furness
20%
Bognor Regis
20%
Fleet
20%
Halifax
20%
Hartlepool
20%
Hayes (Kent)
20%
Holyhead
20%
Kettering
20%
Penrith
20%
Portsmouth & Southsea
20%
Rochdale
20%
Rochester
20%
Romford
20%
Whitby
20%
Worthing
20%
Aldershot
19%
Cardiff Queen Street
19%
Dean (Hampshire)
19%
Ealing Broadway
19%
Epsom
19%
Exmouth
19%
Finsbury Park
19%
Lewes
19%
London Cannon Street
19%
London Waterloo East
19%
Mansfield
19%
Newton Abbot
19%
Paignton
19%
Sevenoaks
19%
Shenfield
19%
Skegness
19%
Southend Central
19%
Stansted Airport
19%
Tunbridge Wells
19%
Abergavenny
18%
Accrington
18%
Amersham
18%
Aston
18%
Basildon
18%
Chippenham
18%
Crystal Palace
18%
Dawlish
18%
Didcot Parkway
18%
Dorking
18%
Fareham
18%
Ford
18%
Havant
18%
Haymarket
18%
High Wycombe
18%
Lincoln Central
18%
Morecambe
18%
Redhill
18%
Scunthorpe
18%
Southampton Airport Parkway
18%
St Austell
18%
Tonbridge
18%
Welling
18%
West Croydon
18%
Andover
17%
Barnstaple
17%
Buxton
17%
Canterbury West
17%
Cleethorpes
17%
Corby
17%
Dover Priory
17%
Hatfield (Hertfordshire)
17%
Kendal
17%
Lewisham
17%
Littlehampton
17%
Lowestoft
17%
New Cross
17%
Northallerton
17%
Nuneaton
17%
Rye (East Sussex)
17%
Stratford-upon-Avon
17%
Walton (Merseyside)
17%
Ware (Herts)
17%
Acton Main Line
16%
Alton
16%
Ascot
16%
Bradford Interchange
16%
Braintree
16%
Brentford
16%
Brentwood
16%
Brixton
16%
Canterbury East
16%
Cromer
16%
Dumfries
16%
Hampton
16%
Horsham
16%
Ilford
16%
Kidderminster
16%
Looe
16%
Moorgate
16%
Motherwell
16%
Orpington
16%
Redruth
16%
Rhyl
16%
Seven Sisters
16%
Staines
16%
Stratford International (London)
16%
Tamworth
16%
Totnes
16%
Tring
16%
Twickenham
16%
Walsall
16%
Windermere
16%
Wokingham
16%
Wrexham Central
16%
Aberdare
15%
Alexandra Palace
15%
Altrincham
15%
Ashford International
15%
Balham
15%
Belfast Central
15%
Bootle (Cumbria)
15%
Bury St Edmunds
15%
Cambridge North
15%
Carmarthen
15%
Chatham
15%
Cheshunt
15%
Christchurch
15%
Deal
15%
Dunbar
15%
Farnham
15%
Felixstowe
15%
Fratton
15%
Gravesend
15%
Hitchin
15%
Hounslow
15%
Huntingdon
15%
Keighley
15%
Kensington (Olympia)
15%
Llanelli
15%
Londonderry
15%
Melton (Suffolk)
15%
Pembroke
15%
Rainham (Kent)
15%
Rainham (London)
15%
Runcorn
15%
Sandwich
15%
Skipton
15%
Solihull
15%
South Croydon
15%
Stockton
15%
Thetford
15%
Three Bridges
15%
Thurso
15%
Warrington Bank Quay
15%
Warrington Central
15%
Welwyn Garden City
15%
Bexley
14%
Bishop's Stortford
14%
Bletchley
14%
Bridlington
14%
Burton-on-Trent
14%
Bushey
14%
Chester-le-Street
14%
City Thameslink
14%
Clacton-on-Sea
14%
Conwy
14%
Dalston (Cumbria)
14%
Dent
14%
Diss
14%
Ebbsfleet International
14%
Eccles
14%
Enfield Town
14%
Exeter St Thomas
14%
Goole
14%
Haywards Heath
14%
Hemel Hempstead
14%
Kew Gardens
14%
Liverpool South Parkway
14%
London Road (Brighton)
14%
London Road (Guildford)
14%
Luton Airport Parkway
14%
Matlock
14%
Oban
14%
Oxenholme Lake District
14%
Potters Bar
14%
Salford Central
14%
Selby
14%
Settle
14%
Shoreham, Kent
14%
Stamford (Lincs)
14%
Stow
14%
Stroud (Gloucestershire)
14%
Teignmouth
14%
Thirsk
14%
Upminster
14%
Wakefield Westgate
14%
Wembley Central
14%
Westbury
14%
Wigan North Western
14%
Workington
14%
Arbroath
13%
Axminster
13%
Barnes
13%
Barry Island
13%
Battle
13%
Berwick-upon-Tweed
13%
Beverley
13%
Bicester Village
13%
Blackpool Pleasure Beach
13%
Bridgend
13%
Chepstow
13%
Chingford
13%
Dewsbury
13%
Esher
13%
Frome
13%
Grimsby Town
13%
Harrow & Wealdstone
13%
Hexham
13%
Llandudno Junction
13%
Market Harborough
13%
Mill Hill (Lancashire)
13%
Moreton (Dorset)
13%
Moreton (Merseyside)
13%
Morpeth
13%
Neath
13%
Newmarket
13%
Oakham
13%
Ormskirk
13%
Purley
13%
Queen's Park (Glasgow)
13%
Queen's Park (London)
13%
Reigate
13%
Southall
13%
St Neots
13%
Surbiton
13%
Tenby
13%
Tiverton Parkway
13%
Trowbridge
13%
Twyford
13%
Uttoxeter
13%
Wembley Stadium
13%
Weybridge
13%
Yeovil Junction
13%
Acton Central
12%
Alloa
12%
Bexleyheath
12%
Billericay
12%
Broadstairs
12%
Brockenhurst
12%
Burnham (Buckinghamshire)
12%
Camborne
12%
Castleford
12%
Chorleywood
12%
Feltham
12%
Flint
12%
Great Malvern
12%
Greenford
12%
Hendon
12%
Highbury and Islington
12%
Iver
12%
Kilmarnock
12%
Kirkby (Merseyside)
12%
Kirkcaldy
12%
Langley (Berkshire)
12%
Lockerbie
12%
Ludlow
12%
March
12%
Marlow
12%
Melton Mowbray
12%
Newark North Gate
12%
New Cross Gate
12%
Newton-le-Willows
12%
Old Street
12%
Petersfield
12%
Putney
12%
Redbridge
12%
Redditch
12%
Sheringham
12%
Stalybridge
12%
St Erth
12%
St Johns
12%
Stonehaven
12%
Streatham
12%
Taplow
12%
Tottenham Hale
12%
Wareham
12%
Warminster
12%
Whitehaven
12%
Worksop
12%
Yate
12%
Aintree
11%
Airdrie
11%
Arundel
11%
Aviemore
11%
Battersea Park
11%
Bexhill
11%
Biggleswade
11%
Bishop Auckland
11%
Bromsgrove
11%
Camberley
11%
Cardiff Bay
11%
Catford
11%
Charlton
11%
Colwyn Bay
11%
Cosham
11%
Dawlish Warren
11%
Deansgate
11%
Dorchester South
11%
Dorchester West
11%
Dunblane
11%
East Grinstead
11%
Ellesmere Port
11%
Erith
11%
Flitwick
11%
Grays
11%
Hale
11%
Harlow Town
11%
Harpenden
11%
Haverfordwest
11%
Hebden Bridge
11%
Honiton
11%
Hook
11%
Kentish Town
11%
Knaresborough
11%
Leominster
11%
Llanfairpwll
11%
Peckham Rye
11%
Reading West
11%
Romsey
11%
Royston
11%
Salford Crescent
11%
Sandy
11%
Seven Kings
11%
Sittingbourne
11%
Sleaford
11%
Southend Victoria
11%
St Margarets (Herts)
11%
St Margarets (London)
11%
Stowmarket
11%
Teddington
11%
Telford Central
11%
Totton
11%
West Hampstead
11%
Worcester Shrub Hill
11%
Yarm
11%
Acle
10%
Alderley Edge
10%
Alnmouth for Alnwick
10%
Ashurst
10%
Barnham
10%
Bedminster
10%
Beeston
10%
Bicester North
10%
Birkenhead Central
10%
Bracknell
10%
Bradford Forster Square
10%
Bradford-on-Avon
10%
Brockley
10%
Bromley South
10%
Broxbourne
10%
Burnley Central
10%
Carnforth
10%
Carshalton
10%
Castle Cary
10%
Chiswick
10%
Dalston Junction
10%
Denmark Hill
10%
Denton
10%
Deptford
10%
East Kilbride
10%
Eltham
10%
Evesham
10%
Faversham
10%
Fishguard Harbour
10%
Hampstead Heath
10%
Hampton Court
10%
Harold Wood
10%
Harrow-on-the-Hill
10%
Hassocks
10%
Hayes and Harlington
10%
Hayle
10%
Herne Bay
10%
Hoxton
10%
Ilkley
10%
Jewellery Quarter
10%
Johnston
10%
Kenton
10%
Lake
10%
Leighton Buzzard
10%
Lichfield Trent Valley
10%
Liskeard
10%
London Fields
10%
Manningtree
10%
Meadowhall
10%
Metro Centre (Gateshead)
10%
Milford (Surrey)
10%
Montrose
10%
Nantwich
10%
North Berwick
10%
Pembroke Dock
10%
Porth
10%
Retford
10%
Saltburn
10%
Seaford
10%
Shanklin
10%
Shepperton
10%
Shipley (Yorks)
10%
St Denys
10%
Swanley
10%
Sydenham (Belfast)
10%
Sydenham (London)
10%
Tooting
10%
Watford High Street
10%
Wellingborough
10%
West Drayton
10%
West Ealing
10%
Wigan Wallgate
10%
Willesden Junction
10%
Wilmslow
10%
Worcester Foregate Street
10%
Wrexham General
10%
Abercynon
9%
Appleby
9%
Ashton-under-Lyne
9%
Attleborough
9%
Belper
9%
Blackheath
9%
Bodmin Parkway
9%
Brough
9%
Burgess Hill
9%
Cambridge Heath
9%
Chessington North
9%
Chessington South
9%
Congleton
9%
Cricklewood
9%
Downham Market
9%
East Midlands Parkway
9%
Edinburgh Park
9%
Egham
9%
Elgin
9%
Enfield Lock
9%
Formby
9%
Gretna Green
9%
Hamble
9%
Hartford
9%
Headingley
9%
Henley-on-Thames
9%
Herne Hill
9%
Higham
9%
Horley
9%
Leatherhead
9%
Limehouse
9%
Liss
9%
Longbridge
9%
Lostwithiel
9%
Lytham
9%
Maidstone East
9%
Mallaig
9%
Marks Tey
9%
Maryland
9%
Merthyr Tydfil
9%
Newark Castle
9%
New Barnet
9%
Norwood Junction
9%
Oxford Parkway
9%
Prestatyn
9%
Preston Park
9%
Princes Risborough
9%
Redcar Central
9%
Rotherham Central
9%
Sandhurst (Berks)
9%
Sandown
9%
Shoeburyness
9%
Southend Airport
9%
Spalding
9%
Strood (Kent)
9%
Sudbury
9%
Sutton Coldfield
9%
Swanage
9%
Sway
9%
Uckfield
9%
University (Birmingham)
9%
Wakefield Kirkgate
9%
Walthamstow Central
9%
Whitstable
9%
Widnes
9%
Windsor and Eton Riverside
9%
Wolverton
9%
Woolwich Arsenal
9%
Yeovil Pen Mill
9%
Ashtead
8%
Ash Vale
8%
Aylesford
8%
Barnes Bridge
8%
Barry Docks
8%
Batley
8%
Beaulieu Road
8%
Beccles
8%
Bethnal Green
8%
Bromley North
8%
Canada Water
8%
Cannock
8%
Carnoustie
8%
Castleton
8%
Cheadle Hulme
8%
Church Stretton
8%
Clapham High Street
8%
Colne
8%
Cowden
8%
Crediton
8%
Cumbernauld
8%
Devonport
8%
Driffield
8%
Earlsfield
8%
East Dulwich
8%
Edge Hill
8%
Edinburgh Haymarket
8%
Falkirk High
8%
Falmer
8%
Filey
8%
Filton Abbey Wood
8%
Folkestone West
8%
Forest Gate
8%
Frimley
8%
Glossop
8%
Godalming
8%
Gospel Oak
8%
Grange-over-Sands
8%
Hackney Central
8%
Hackney Downs
8%
Hackney Wick
8%
Hanwell
8%
Harlow Mill
8%
Harringay
8%
Harwich Town
8%
Hungerford
8%
Ivybridge
8%
Keith
8%
Kensal Green
8%
Kensal Rise
8%
Kings Norton
8%
Lanark
8%
Largs
8%
Ledbury
8%
Leigh On Sea
8%
Letchworth Garden City
8%
Liphook
8%
Livingston North
8%
Long Eaton
8%
Lymington Pier
8%
Lymington Town
8%
Maidstone West
8%
Malton
8%
Millbrook (Bedfordshire)
8%
Millbrook (Hampshire)
8%
Mossley (Manchester)
8%
Needham Market
8%
New Malden
8%
New Milton
8%
Newry
8%
Newtown (Powys)
8%
North Wembley
8%
Northwich
8%
Ore
8%
Oxted
8%
Portchester
8%
Port Talbot Parkway
8%
Queens Road (Peckham)
8%
Rickmansworth
8%
Ryde Pier Head
8%
Saltash
8%
Selly Oak
8%
Severn Tunnel Junction
8%
Shepherd's Bush
8%
Sherborne
8%
Shippea Hill
8%
Shirley (West Midlands)
8%
Shoreditch High Street
8%
South Acton
8%
St Helens Central
8%
Stoke Newington
8%
Stonehouse
8%
Swanwick
8%
Todmorden
8%
Troon
8%
Welshpool
8%
Whitechapel
8%
Windsor and Eton Central
8%
Worcester Park
8%
Wymondham
8%
Yatton
8%
Aberdour
7%
Aberdovey
7%
Aldermaston
7%
Alfreton
7%
Alvechurch
7%
Ammanford
7%
Antrim
7%
Ashurst New Forest
7%
Attenborough
7%
Avonmouth
7%
Baldock
7%
Barmouth
7%
Beaconsfield
7%
Beckenham Junction
7%
Bedworth
7%
Billingshurst
7%
Bingley
7%
Bitterne
7%
Bosham
7%
Bournville
7%
Bramley (Hampshire)
7%
Bramley (West Yorkshire)
7%
Brandon
7%
Branksome
7%
Bridgwater
7%
Brundall
7%
Caerphilly
7%
Carstairs
7%
Caterham
7%
Chalfont & Latimer
7%
Chandler's Ford
7%
Cheam
7%
Chislehurst
7%
Church Fenton
7%
Clapton
7%
Cranbrook
7%
Crowborough
7%
Cwmbran
7%
Dorking Deepdene
7%
Dovercourt
7%
East Worthing
7%
Edenbridge
7%
Emsworth
7%
Enfield Chase
7%
Falmouth Docks
7%
Falmouth Town
7%
Fishbourne
7%
Five Ways
7%
Folkestone Central
7%
Forest Hill
7%
Gidea Park
7%
Gunnersbury
7%
Harlesden
7%
Haslemere
7%
Hedge End
7%
Hersham
7%
Hertford East
7%
Hertford North
7%
Hinton Admiral
7%
Hope (Derbyshire)
7%
Hope (Flintshire)
7%
Huyton
7%
Imperial Wharf
7%
Inverkeithing
7%
Kemble
7%
Knebworth
7%
Kyle of Lochalsh
7%
Lichfield City
7%
Livingston South
7%
Loughborough Junction
7%
Lydney
7%
Manchester United Football Ground
7%
Micheldever
7%
Milford Haven
7%
Morley
7%
Netley
7%
New Brighton
7%
Norbiton
7%
Northfleet
7%
North Walsham
7%
Okehampton
7%
Paddock Wood
7%
Parkstone
7%
Partick
7%
Penge West
7%
Pewsey
7%
Pokesdown
7%
Pontypridd
7%
Pulborough
7%
Queenstown Road (Battersea)
7%
Raynes Park
7%
Reedham (Norfolk)
7%
Reedham (Surrey)
7%
Rugeley Trent Valley
7%
Ryde Esplanade
7%
Salfords (Surrey)
7%
Saltaire
7%
Sandwell and Dudley
7%
Saxmundham
7%
Seaham
7%
Selhurst
7%
Shawford
7%
Sholing
7%
Sidcup
7%
Smethwick Galton Bridge
7%
South Kenton
7%
Stansted Mountfitchet
7%
St James' Park (Exeter)
7%
Stourbridge Junction
7%
Strawberry Hill
7%
Swanscombe
7%
Swaythling
7%
Theobalds Grove
7%
Topsham
7%
Torre
7%
Wapping
7%
Waterbeach
7%
Whitchurch (Cardiff)
7%
Whitchurch (Hants)
7%
Whitchurch (Shropshire)
7%
White Hart Lane
7%
Witham
7%
Woodbridge
7%
Woolston
7%
Acton Bridge
6%
Alsager
6%
Anerley
6%
Annan
6%
Appleford
6%
Ashfield
6%
Barry Links
6%
Bathgate
6%
Berkhamsted
6%
Berney Arms
6%
Birkenhead Hamilton Square
6%
Botley
6%
Camden Road
6%
Carbis Bay
6%
Carpenders Park
6%
Catford Bridge
6%
Chadwell Heath
6%
Chapel-en-le-Frith
6%
Chertsey
6%
Chirk
6%
Clitheroe
6%
Clock House
6%
Clydebank
6%
Colchester Town
6%
Cuffley
6%
Dalston Kingsland
6%
Denham
6%
Derby Midland
6%
Dingwall
6%
Dore
6%
Dorking West
6%
Drayton Park
6%
Duffield
6%
Dumbarton Central
6%
Dumbarton East
6%
East Malling
6%
Elstree & Borehamwood
6%
Essex Road
6%
Falkirk Grahamston
6%
Farnborough Main
6%
Farnborough North
6%
Fishguard and Goodwick
6%
Folkestone Harbour
6%
Frinton-on-Sea
6%
Galashiels
6%
Garforth
6%
Giggleswick
6%
Goodmayes
6%
Gowerton
6%
Grimsby Docks
6%
Haggerston
6%
Harlington
6%
Hatch End
6%
Helensburgh Central
6%
Hever
6%
Hilsea
6%
Hinckley
6%
Homerton
6%
Honor Oak Park
6%
Hornsey
6%
Hoveton and Wroxham
6%
IBM
6%
Inverurie
6%
Isleworth
6%
James Street
6%
Johnstone
6%
Kew Bridge
6%
Keynsham
6%
Kidwelly
6%
Kings Langley
6%
Leuchars
6%
Leyland
6%
Llandeilo
6%
Machynlleth
6%
Maiden Newton
6%
Malvern Link
6%
Maryport
6%
Matlock Bath
6%
Maze Hill
6%
Micklefield
6%
Mitcham Junction
6%
Moorfields
6%
Moss Side
6%
Musselburgh
6%
Nairn
6%
Newbury Racecourse
6%
New Southgate
6%
Newton Aycliffe
6%
Overton
6%
Pangbourne
6%
Penge East
6%
Penistone
6%
Pitlochry
6%
Plumpton
6%
Poulton-le-Fylde
6%
Rainford
6%
Rayleigh
6%
Rotherhithe
6%
Saundersfoot
6%
Sawbridgeworth
6%
Severn Beach
6%
Shadwell
6%
Sheerness On Sea
6%
Shipton
6%
Shotton
6%
Southend East
6%
South Hampstead
6%
South Tottenham
6%
St Albans Abbey
6%
Starcross
6%
St Germans
6%
Stonebridge Park
6%
Stourbridge Town
6%
Streatham Common
6%
Swinton (Manchester)
6%
Swinton (South Yorkshire)
6%
Tile Hill
6%
Tulse Hill
6%
Turkey Street
6%
Ulverston
6%
Virginia Water
6%
Wandsworth Common
6%
Wandsworth Road
6%
Wandsworth Town
6%
Warwick Parkway
6%
Welwyn North
6%
West Brompton
6%
West Byfleet
6%
West Dulwich
6%
Westgate-on-Sea
6%
West Kirby
6%
West Malling
6%
West Ruislip
6%
West Worthing
6%
Winnersh
6%
Yetminster
6%
Abergele & Pensarn
5%
Acocks Green
5%
Addlestone
5%
Alexandria
5%
Amberley
5%
Angmering
5%
Apsley
5%
Argyle Street
5%
Audley End
5%
Baildon
5%
Benfleet
5%
Bentley (Hampshire)
5%
Bentley (South Yorkshire)
5%
Birkenhead North
5%
Blackhorse Road
5%
Bloxwich
5%
Borth
5%
Bourne End
5%
Brampton (Cumbria)
5%
Brampton (Suffolk)
5%
Brondesbury
5%
Brondesbury Park
5%
Broome
5%
Bruce Grove
5%
Bruton
5%
Burnley Manchester Road
5%
Canley
5%
Canonbury
5%
Clifton Down
5%
Coombe Junction Halt
5%
Cottingham
5%
Coulsdon South
5%
Craven Arms
5%
Cupar
5%
Dalton (Cumbria)
5%
Darwen
5%
Datchet
5%
Droitwich Spa
5%
Dronfield
5%
Dunbridge
5%
Dyce
5%
Earley
5%
Edale
5%
Edmonton Green
5%
Emerson Park
5%
Epsom Downs
5%
Ewell East
5%
Ewell West
5%
Exhibition Centre (Glasgow)
5%
Four Oaks
5%
Frodsham
5%
Gerrards Cross
5%
Gipsy Hill
5%
Gleneagles
5%
Godstone
5%
Grateley
5%
Great Chesterford
5%
Great Missenden
5%
Greenfield
5%
Green Lane
5%
Gunnislake
5%
Hamilton Central
5%
Hampden Park
5%
Hampton Wick
5%
Hamworthy
5%
Harlech
5%
Harwich International
5%
Hatton
5%
Headstone Lane
5%
Hither Green
5%
Huntly
5%
Hythe (Essex)
5%
Irvine
5%
Kentish Town West
5%
Kidsgrove
5%
Kilburn High Road
5%
Knighton
5%
Knutsford
5%
Lakenheath
5%
Lancing
5%
Lelant
5%
Levenshulme
5%
Leyton Midland Road
5%
Linlithgow
5%
Lisburn
5%
Littleborough
5%
Llandovery
5%
Llanfairfechan
5%
Llantwit Major
5%
London Waterloo International
5%
Long Buckby
5%
Lye
5%
Lympstone Commando
5%
Manea
5%
Manor Park
5%
Manors
5%
Marple
5%
Melksham
5%
Meols
5%
Mexborough
5%
Mill Hill Broadway
5%
Milngavie
5%
Mitcham Eastfields
5%
Mortlake
5%
Motspur Park
5%
Mottingham
5%
Nelson
5%
Newhaven Harbour
5%
Newhaven Town
5%
New Pudsey
5%
Norbury
5%
Normans Bay
5%
North Dulwich
5%
Northfield
5%
North Queensferry
5%
Nunhead
5%
Oldfield Park
5%
Oxshott
5%
Paisley Gilmour Street
5%
Penarth
5%
Plumstead
5%
Porthmadog
5%
Portslade
5%
Port Sunlight
5%
Prestonpans
5%
Purley Oaks
5%
Radlett
5%
Redcar British Steel
5%
Rutherglen
5%
Sandbach
5%
Seamer
5%
Shepreth
5%
Shoreham-by-Sea
5%
Shotts
5%
Silver Street
5%
Slade Green
5%
Smethwick Rolfe Street
5%
South Bermondsey
5%
Southbourne
5%
South Ruislip
5%
Staplehurst
5%
Stapleton Road
5%
St Budeaux Victoria Road
5%
St James Street
5%
St Leonards Warrior Square
5%
St Mary Cray
5%
Streatham Hill
5%
Sunbury
5%
Sunningdale
5%
Surrey Quays
5%
Sutton Common
5%
Templecombe
5%
Thames Ditton
5%
Thatcham
5%
Theale
5%
Thornton Heath
5%
Tilehurst
5%
Tipton
5%
Upton
5%
Upwey
5%
Urmston
5%
Valley
5%
Wallasey Village
5%
Wallington
5%
Walthamstow Queens Road
5%
Walton-on-Thames
5%
Wendover
5%
West Hampstead Thameslink
5%
Whaley Bridge
5%
Whatstandwell
5%
Wigton
5%
Winnersh Triangle
5%
Worle
5%
Wye
5%
Adderley Park
4%
Adlington (Cheshire)
4%
Adlington (Lancashire)
4%
Ainsdale
4%
Alexandra Parade
4%
Anderston
4%
Anniesland
4%
Appledore (Kent)
4%
Ardwick
4%
Ashburys
4%
Ashley
4%
Atherstone
4%
Atherton
4%
Avoncliff
4%
Aylesbury Vale Parkway
4%
Bagshot
4%
Balcombe
4%
Balloch
4%
Bamber Bridge
4%
Bamford
4%
Banstead
4%
Bat & Ball
4%
Bebington
4%
Bedford St Johns
4%
Bedhampton
4%
Bedwyn
4%
Bellingham
4%
Bellshill
4%
Belvedere
4%
Berrylands
4%
Bescot Stadium
4%
Bickley
4%
Bidston
4%
Birkbeck
4%
Birkenhead Park
4%
Bishopbriggs
4%
Blackwater
4%
Bottesford
4%
Brigg
4%
Brighouse
4%
Brookwood
4%
Bush Hill Park
4%
Byfleet & New Haw
4%
Caledonian Road and Barnsbury
4%
Cam and Dursley
4%
Cantley
4%
Carrickfergus
4%
Carshalton Beeches
4%
Cathays
4%
Cathcart
4%
Chapeltown (Yorkshire)
4%
Cheddington
4%
Chilworth
4%
Chipstead
4%
Cholsey
4%
Christs Hospital
4%
Clandon
4%
Coatbridge Sunnyside
4%
Corrour
4%
Coventry Arena
4%
Cowdenbeath
4%
Crayford
4%
Crewkerne
4%
Cross Gates
4%
Crouch Hill
4%
Dagenham Dock
4%
Denham Golf Club
4%
Dockyard
4%
Dorridge
4%
Drem
4%
Dudley Port
4%
Dunfermline Town
4%
Earlswood (Surrey)
4%
Earlswood (West Midlands)
4%
East Didsbury
4%
Eccles Road
4%
Eden Park
4%
Effingham Junction
4%
Elephant & Castle
4%
Elmers End
4%
Erdington
4%
Exton
4%
Feniton
4%
Finchley Road & Frognal
4%
Fishersgate
4%
Forres
4%
Foxton
4%
Garston (Hertfordshire)
4%
Georgemas Junction
4%
Glynde
4%
Golf Street
4%
Goring-by-Sea
4%
Gorton
4%
Gourock
4%
Great Ayton
4%
Greenhithe
4%
Greenock Central
4%
Guiseley
4%
Haltwhistle
4%
Hamilton Square
4%
Hamilton West
4%
Hampton-in-Arden
4%
Ham Street
4%
Harringay Green Lanes
4%
Harrington
4%
Hathersage
4%
Haydons Road
4%
Hazel Grove
4%
Hessle
4%
Heysham Port
4%
Highams Park
4%
High Street Glasgow
4%
Horsforth
4%
Hull Paragon Interchange
4%
Hunts Cross
4%
Ince (Manchester)
4%
Ingatestone
4%
Irlam
4%
Kingswood
4%
Kingussie
4%
Kirkham and Wesham
4%
Ladywell
4%
Lawrence Hill
4%
Leagrave
4%
Lea Green
4%
Lea Hall
4%
Lelant Saltings
4%
Leytonstone High Road
4%
Lingfield
4%
Littleport
4%
Llandaf
4%
Llandrindod
4%
Llanharan
4%
Lympstone Village
4%
Maidstone Barracks
4%
Marsden (Yorkshire)
4%
Marston Green
4%
Maryhill
4%
Meldreth
4%
Merstham
4%
Minster
4%
Montpelier
4%
Moreton-in-Marsh
4%
Mortimer
4%
Mountain Ash
4%
Mount Florida
4%
Nailsea and Backwell
4%
Narborough
4%
New Eltham
4%
North Camp
4%
Northumberland Park
4%
Oakleigh Park
4%
Paisley Canal
4%
Parson Street
4%
Patchway
4%
Penkridge
4%
Perry Barr
4%
Petts Wood
4%
Pevensey Bay
4%
Pinhoe
4%
Pitsea
4%
Polegate
4%
Port Glasgow
4%
Portrush
4%
Purfleet
4%
Pwllheli
4%
Radley
4%
Rectory Road
4%
Rhoose Cardiff International Airport
4%
Ribblehead
4%
Ropley
4%
Rowley Regis
4%
Rugeley Town
4%
Runcorn East
4%
Saltcoats
4%
Saunderton
4%
Sellafield
4%
Shifnal
4%
Shiplake
4%
Shirehampton
4%
Shortlands
4%
Small Heath
4%
Southbury
4%
South Greenford
4%
Southwick
4%
Sowerby Bridge
4%
Stamford Hill
4%
St Bees
4%
Stechford
4%
St Helens Junction
4%
St. Helier (Surrey)
4%
St Michaels
4%
Stoke Mandeville
4%
Stoneleigh
4%
Sugar Loaf
4%
Swale
4%
Sydenham Hill
4%
Tain
4%
Tattenham Corner
4%
The Hawthorns
4%
Thornaby
4%
Tolworth
4%
Trafford Park
4%
Tweedbank
4%
Upper Holloway
4%
Waltham Cross
4%
Walton-on-the-Naze
4%
Wanstead Park
4%
Watford North
4%
Wavertree Technology Park
4%
Wemyss Bay
4%
West Kilbride
4%
West Norwood
4%
Weston Milton
4%
West Sutton
4%
Whitton (London)
4%
Wickford
4%
Wimbledon Chase
4%
Winchelsea
4%
Winsford
4%
Wishaw
4%
Wivelsfield
4%
Woodgrange Park
4%
Woodley
4%
Woolwich Dockyard
4%
Yoker
4%
Abererch
3%
Achnasheen
3%
Acklington
3%
Adwick
3%
Aigburth
3%
Airbles
3%
Albany Park
3%
Albrighton
3%
Aldrington
3%
Allens West
3%
Alresford (Essex)
3%
Ambergate
3%
Angel Road
3%
Ardrossan Harbour
3%
Arlesey
3%
Armadale
3%
Arnside
3%
Ashchurch for Tewkesbury
3%
Ashwell & Morden
3%
Aslockton
3%
Aspatria
3%
Aylesham
3%
Bache
3%
Ballymena
3%
Bare Lane (Morecambe)
3%
Barnetby
3%
Barnt Green
3%
Barrhead
3%
Barton-on-Humber
3%
Battersby
3%
Bayford
3%
Bearsden
3%
Beauly
3%
Beckenham Hill
3%
Bere Alston
3%
Bere Ferrers
3%
Betws-y-Coed
3%
Billingham
3%
Bingham
3%
Birchwood
3%
Birkdale
3%
Bishopton
3%
Blaenau Ffestiniog
3%
Blair Atholl
3%
Blaydon
3%
Bootle New Strand
3%
Bootle Oriel Road
3%
Bordesley
3%
Bowling
3%
Brading
3%
Braintree Freeport
3%
Bricket Wood
3%
Brimsdown
3%
Broad Green
3%
Bromborough
3%
Brookmans Park
3%
Brora
3%
Broughty Ferry
3%
Brundall Gardens
3%
Brunswick
3%
Bugle
3%
Burley Park
3%
Burnage
3%
Burnley Barracks
3%
Burntisland
3%
Burscough Bridge
3%
Bursledon
3%
Caldicot
3%
Cambuslang
3%
Carlton
3%
Carluke
3%
Castle Bar Park
3%
Castlerock
3%
Chalkwell
3%
Chapelton (Devon)
3%
Charlbury
3%
Chathill
3%
Chester Road
3%
Chetnole
3%
Claygate
3%
Coatbridge Central
3%
Coatdyke
3%
Codsall
3%
Coleraine
3%
Coleshill Parkway
3%
Colwall
3%
Cookham
3%
Corbridge
3%
Coseley
3%
Cosford
3%
Coulsdon Town
3%
Cradley Heath
3%
Cramlington
3%
Cressing
3%
Crianlarich
3%
Crofton Park
3%
Cromford
3%
Crosskeys
3%
Crossmyloof
3%
Crowthorne
3%
Culham
3%
Dalmarnock
3%
Dalmeny
3%
Dalmuir
3%
Davenport
3%
Derby Road (Ipswich)
3%
Digby and Sowton
3%
Dilton Marsh
3%
Dovey Junction
3%
Downpatrick
3%
Drayton Green
3%
Duddeston
3%
Dunfermline Queen Margaret
3%
Durrington-on-Sea
3%
Eaglescliffe
3%
Earlestown
3%
Easterhouse
3%
East Garforth
3%
East Tilbury
3%
Ebbw Vale Parkway
3%
Farncombe
3%
Fiskerton
3%
Freshford
3%
Gainsborough Central
3%
Gatley
3%
Girvan
3%
Gobowen
3%
Goring & Streatley
3%
Gravelly Hill
3%
Great Bentley
3%
Greenbank
3%
Greenock West
3%
Green Road
3%
Grindleford
3%
Grosmont
3%
Grove Park
3%
Guide Bridge
3%
Hackbridge
3%
Haddenham and Thame Parkway
3%
Hadfield
3%
Hadley Wood
3%
Hagley
3%
Halesworth
3%
Halewood
3%
Hall Green
3%
Hamstead
3%
Harrietsham
3%
Hatfield Peverel
3%
Hawarden
3%
Headcorn
3%
Heald Green
3%
Heaton Chapel
3%
Hednesford
3%
Helensburgh Upper
3%
Helmsdale
3%
Helsby
3%
Henley-in-Arden
3%
Heswall
3%
Heworth
3%
Highbridge and Burnham
3%
Holmes Chapel
3%
Honeybourne
3%
Hooton
3%
Horsley
3%
Horton-in-Ribblesdale
3%
Horwich Parkway
3%
Howden
3%
Hoylake
3%
Hucknall
3%
Hurst Green
3%
Hyndland
3%
Ifield
3%
Invergordon
3%
Islip
3%
James Cook
3%
Jordanhill
3%
Kelvedon
3%
Kent House
3%
Keyham
3%
Kidbrooke
3%
Kildale
3%
Kilwinning
3%
Kingham
3%
King's Park
3%
Kings Sutton
3%
Kintbury
3%
Kirkby Stephen
3%
Kirkdale
3%
Knottingley
3%
Ladybank
3%
Laindon
3%
Larbert
3%
Lenzie
3%
Littlehaven
3%
Llanrwst
3%
Lockwood
3%
Longport
3%
Longton
3%
Lostock
3%
Lower Sydenham
3%
Maesteg
3%
Maghull
3%
Mansfield Woodhouse
3%
Marden (Kent)
3%
Market Rasen
3%
Markinch
3%
Martins Heron
3%
Menheniot
3%
Meols Cop
3%
Meopham
3%
Midgham
3%
Mirfield
3%
Monks Risborough
3%
Morden South
3%
Neilston
3%
Neston
3%
New Beckenham
3%
Newington
3%
New Mills Central
3%
Newton St Cyres
3%
Normanton
3%
North Sheen
3%
Nutbourne
3%
Oakengates
3%
Ockendon
3%
Orrell
3%
Otford
3%
Oulton Broad North
3%
Oulton Broad South
3%
Outwood
3%
Palmers Green
3%
Peartree
3%
Penmere
3%
Perranwell
3%
Pershore
3%
Pilning
3%
Pollokshields East
3%
Pollokshields West
3%
Polmont
3%
Polsloe Bridge
3%
Ponders End
3%
Pontefract Monkhill
3%
Pontypool and New Inn
3%
Poppleton
3%
Portsmouth Arms
3%
Prescot
3%
Prestwick International Airport
3%
Prudhoe
3%
Quintrell Downs
3%
Radyr
3%
Rainhill
3%
Rannoch
3%
Redcar East
3%
Reddish North
3%
Reddish South
3%
Redland
3%
Robertsbridge
3%
Roby
3%
Rochford
3%
Rock Ferry
3%
Rosyth
3%
Rowlands Castle
3%
Roydon
3%
Ruabon
3%
Ryde St John's Road
3%
Salhouse
3%
Sanderstead
3%
Sandhills
3%
Sandplace
3%
Sea Mills
3%
Seascale
3%
Shenstone
3%
Shepherds Well
3%
Shettleston
3%
Shildon
3%
Sileby
3%
Silverdale
3%
Singer
3%
Skewen
3%
Slaithwaite
3%
Smallbrook Junction
3%
South Gyle
3%
South Merton
3%
Southminster
3%
South Wigston
3%
South Woodham Ferrers
3%
Spean Bridge
3%
Spondon
3%
Springburn
3%
St Andrews Road
3%
Stanford-le-Hope
3%
Starbeck
3%
Staveley
3%
St Budeaux Ferry Road
3%
St Columb Road
3%
St Keyne Wishing Well Halt
3%
Stone Crossing
3%
Stratford-upon-Avon Parkway
3%
Sudbury Hill Harrow
3%
Sunnymeads
3%
Syon Lane
3%
Syston
3%
Tame Bridge Parkway
3%
Teesside Airport
3%
Thorpe Bay
3%
Tilbury Town
3%
Tisbury
3%
Tyndrum Lower
3%
Tyseley
3%
Tywyn
3%
Uddingston
3%
Waddon
3%
Water Orton
3%
West Allerton
3%
Westcombe Park
3%
West Runton
3%
West Wickham
3%
Whimple
3%
Witton
3%
Woburn Sands
3%
Wood Street
3%
Worplesdon
3%
Achanalt
2%
Achnashellach
2%
Addiewell
2%
Adelaide (Northern Ireland)
2%
Adisham
2%
Alness
2%
Althorne
2%
Althorpe
2%
Altnabreac
2%
Ancaster
2%
Apperley Bridge
2%
Appley Bridge
2%
Ardgay
2%
Ardlui
2%
Ardrossan South Beach
2%
Ardrossan Town
2%
Arisaig
2%
Armathwaite
2%
Ascott-under-Wychwood
2%
Aspley Guise
2%
Auchinleck
2%
Aughton Park
2%
Baglan
2%
Bank Hall
2%
Bargoed
2%
Barming
2%
Barnehurst
2%
Barrow-upon-Soar
2%
Battlesbridge
2%
Bearsted
2%
Belfast Great Victoria Street
2%
Bellgrove
2%
Belmont
2%
Bempton
2%
Berkswell
2%
Bermuda Park
2%
Bescar Lane
2%
Betchworth
2%
Birchington-on-Sea
2%
Bishopstone
2%
Blackridge
2%
Blackrod
2%
Blakedown
2%
Blake Street
2%
Blantyre
2%
Bloxwich North
2%
Blundellsands & Crosby
2%
Blythe Bridge
2%
Bookham
2%
Bowes Park
2%
Bramhall
2%
Bridge of Allan
2%
Bridge of Orchy
2%
Bridgeton
2%
Briton Ferry
2%
Bromborough Rake
2%
Brunstane
2%
Bryn
2%
Buckley
2%
Buckshaw Parkway
2%
Builth Road
2%
Bures
2%
Burley-in-Wharfedale
2%
Burnham-on-Crouch
2%
Burnside
2%
Burscough Junction
2%
Busby
2%
Butlers Lane
2%
Buxted
2%
Cadoxton
2%
Caersws
2%
Caldercruix
2%
Calstock
2%
Camelon
2%
Capenhurst
2%
Cardross
2%
Cark and Cartmel
2%
Carrbridge
2%
Cattal
2%
Causeland
2%
Chartham
2%
Chelsfield
2%
Cherry Tree
2%
Chilham
2%
Chinley
2%
Church and Oswaldtwistle
2%
Clarbeston Road
2%
Clarkston
2%
Clunderwen
2%
Cobham & Stoke d'Abernon
2%
Cogan
2%
Collingham
2%
Collington
2%
Conisbrough
2%
Conway Park
2%
Cooden Beach
2%
Cooksbridge
2%
Copplestone
2%
Coryton
2%
Cottingley
2%
Cressington
2%
Crews Hill
2%
Criccieth
2%
Crossflatts
2%
Crosshill
2%
Crowhurst
2%
Curriehill
2%
Cuxton
2%
Daisy Hill
2%
Dalgety Bay
2%
Dalwhinnie
2%
Darnall
2%
Deganwy
2%
Delamere
2%
Denby Dale
2%
Dinas
2%
Dingle Road
2%
Dinsdale
2%
Doleham
2%
Dormans
2%
Drigg
2%
Drumchapel
2%
Dullingham
2%
Dumpton Park
2%
Dunkeld and Birnam
2%
Dunrobin Castle
2%
Dunston
2%
Dunton Green
2%
Eastham Rake
2%
Ebbw Vale Town
2%
Eggesford
2%
Elmstead Woods
2%
Elsecar
2%
Elsenham
2%
Eridge
2%
Eskbank
2%
Etchingham
2%
Euxton Balshaw Lane
2%
Eynsford
2%
Falconwood
2%
Farningham Road
2%
Farnworth
2%
Faygate
2%
Fazakerley
2%
Fenny Stratford
2%
Ferriby
2%
Ferryside
2%
Finstock
2%
Fitzwilliam
2%
Flixton
2%
Flowery Field
2%
Fort Matilda
2%
Frant
2%
Freshfield
2%
Frizinghall
2%
Fulwell
2%
Furze Platt
2%
Gainsborough Lea Road
2%
Gargrave
2%
Garsdale
2%
Glenfinnan
2%
Glenrothes with Thornton
2%
Golspie
2%
Gomshall
2%
Gordon Hill
2%
Grange Park
2%
Grangetown
2%
Great Coates
2%
Great Victoria Street
2%
Greenisland
2%
Gunton
2%
Hairmyres
2%
Halling
2%
Hall i' th' Wood
2%
Hall Road
2%
Hammerton
2%
Hanborough
2%
Handforth
2%
Harling Road
2%
Hartlebury
2%
Hattersley
2%
Havenhouse
2%
Haworth
2%
Haydon Bridge
2%
Heath High Level
2%
Heath Low Level
2%
Hellifield
2%
Heyford
2%
High Brooms
2%
Hightown
2%
Hilden
2%
Hildenborough
2%
Hillside
2%
Hindley
2%
Hockley
2%
Holton Heath
2%
Hornbeam Park
2%
Hough Green
2%
How Wood (Hertfordshire)
2%
Howwood (Renfrewshire)
2%
Hunmanby
2%
Hyde Central
2%
Hyde North
2%
Hykeham
2%
Insch
2%
Inverkip
2%
Kearsley
2%
Kempston Hardwick
2%
Kempton Park
2%
Kemsley
2%
Kenley
2%
Kennett
2%
Kinghorn
2%
King's Nympton
2%
Kirkstall Forge
2%
Knockholt
2%
Lairg
2%
Langley Green
2%
Langley Mill
2%
Lapford
2%
Lapworth
2%
Larkhall
2%
Laurencekirk
2%
Layton
2%
Lea Bridge
2%
Leasowe
2%
Lenham
2%
Lingwood
2%
Little Kimble
2%
Llanaber
2%
Llanbedr
2%
Llangadog
2%
Llansamlet
2%
Llanwrtyd
2%
Lochwinnoch
2%
Longcross
2%
Longfield
2%
Longniddry
2%
Long Preston
2%
Low Moor
2%
Luxulyan
2%
Malden Manor
2%
Manorbier
2%
Marske
2%
Martin Mill
2%
Marton
2%
Mauldeth Road
2%
Maxwell Park
2%
Maybole
2%
Menston
2%
Merthyr Vale
2%
Metheringham
2%
Millom
2%
Mills Hill (Manchester)
2%
Mistley
2%
Monifieth
2%
Moorthorpe
2%
Morchard Road
2%
Moses Gate
2%
Mossley Hill
2%
Moston
2%
Moulsecoomb
2%
Muir of Ord
2%
Mytholmroyd
2%
Narberth
2%
Navigation Road
2%
Netherfield
2%
Newbridge
2%
New Clee
2%
Newcourt
2%
New Cumnock
2%
New Mills Newtown
2%
Newtonmore
2%
Ninian Park
2%
Northolt Park
2%
North Road
2%
Nunthorpe
2%
Ockley
2%
Old Hill
2%
Old Roan
2%
Olton
2%
Orrell Park
2%
Overpool
2%
Padgate
2%
Paisley St James
2%
Pannal
2%
Parbold
2%
Park Street
2%
Patricroft
2%
Penmaenmawr
2%
Penrhyn
2%
Pevensey and Westham
2%
Plockton
2%
Pluckley
2%
Polesworth
2%
Pollokshaws East
2%
Pollokshaws West
2%
Pontefract Baghill
2%
Pontefract Tanshelf
2%
Pontyclun
2%
Portadown
2%
Portlethen
2%
Prees
2%
Prestwick Town
2%
Prittlewell
2%
Pyle
2%
Queenborough
2%
Ravenglass for Eskdale
2%
Ravensbourne
2%
Renton
2%
Rhymney
2%
Rice Lane
2%
Riddlesdown
2%
Romiley
2%
Roose
2%
Rose Hill
2%
Roughton Road
2%
Roy Bridge
2%
Rye House
2%
Sandling
2%
Sankey for Penketh
2%
Sanquhar
2%
Sarn
2%
Scotstounhill
2%
Seaforth and Litherland
2%
Seaton Carew
2%
Shalford
2%
Shawlands
2%
Shelford
2%
Shepley
2%
Sherburn In Elmet
2%
Shieldmuir
2%
Shirebrook
2%
Shireoaks
2%
Silecroft
2%
Silkstone Common
2%
Slateford
2%
Sleights
2%
Smithy Bridge
2%
Snodland
2%
Snowdown
2%
Sole Street
2%
Somerleyton
2%
South Bank
2%
Southease
2%
Spital
2%
Spooner Row
2%
Springfield
2%
Stanlow and Thornton
2%
St Annes-on-the-Sea
2%
Steeton and Silsden
2%
Stepps
2%
Stevenston
2%
Stewartby
2%
Stewarton
2%
Stranraer Harbour
2%
Sturry
2%
Styal
2%
Sundridge Park
2%
Tadworth
2%
Taffs Well
2%
Teynham
2%
Thatto Heath
2%
The Lakes
2%
Thorne North
2%
Thorne South
2%
Thornford
2%
Thorpe-le-Soken
2%
Three Oaks
2%
Thurston
2%
Town Green
2%
Treforest
2%
Treherbert
2%
Trimley
2%
Ty Glas
2%
Ulleskelf
2%
Umberleigh
2%
Uphall
2%
Upper Tyndrum
2%
Upper Warlingham
2%
Wadhurst
2%
Walkden
2%
Wallasey Grove Road
2%
Walmer
2%
Wanborough
2%
Warblington
2%
Wargrave
2%
Watlington
2%
Watton-at-Stone
2%
Weeton
2%
Welham Green
2%
West Calder
2%
Westcliff-on-Sea
2%
Westenhanger
2%
Westerfield
2%
Wester Hailes
2%
Westerton
2%
West Horndon
2%
Westhoughton
2%
West St Leonards
2%
Whiston
2%
White Notley
2%
Whitland
2%
Whittlesea
2%
Whittlesford Parkway
2%
Whyteleafe
2%
Whyteleafe South
2%
Wickham Market
2%
Widney Manor
2%
Wilnecote (Staffordshire)
2%
Winchfield
2%
Winchmore Hill
2%
Witley
2%
Wivenhoe
2%
Woldingham
2%
Wombwell
2%
Woodhouse
2%
Wraysbury
2%
Wylam
2%
Wylde Green
2%
Yalding
2%
Yardley Wood
2%
Yeoford
2%
Yorton
2%
Ystrad Mynach
2%
Ansdell & Fairhaven
1%
Arram
1%
Arrochar &Tarbet
1%
Askam
1%
Attadale
1%
Baillieston
1%
Ballymoney
1%
Balmoral (Belfast)
1%
Balmossie
1%
Banavie
1%
Bangor West (Co Down)
1%
Barassie
1%
Bardon Mill
1%
Bargeddie
1%
Barlaston
1%
Barnhill
1%
Barrhill
1%
Barrow Haven
1%
Bearley
1%
Beasdale
1%
Bekesbourne
1%
Belle Vue
1%
Beltring
1%
Ben Rhydding
1%
Bentham
1%
Berry Brow
1%
Bilbrook
1%
Birchgrove
1%
Blairhill
1%
Bleasby
1%
Bodorgan
1%
Bogston
1%
Bolton-upon-Dearne
1%
Borough Green & Wrotham
1%
Botanic
1%
Bow Brickhill
1%
Box Hill & Westhumble
1%
Braystones
1%
Bredbury
1%
Breich
1%
Brierfield
1%
Brinnington
1%
Brithdir
1%
British Steel Redcar
1%
Broadbottom
1%
Brockholes
1%
Bromley Cross
1%
Broomfleet
1%
Buckenham
1%
Bulwell
1%
Burneside
1%
Burton Joyce
1%
Bynea
1%
Caergwrle
1%
Cardenden
1%
Cardonald
1%
Carfin
1%
Carmyle
1%
Carntyne
1%
Cartsdyke
1%
Chafford Hundred Lakeside
1%
Chappel and Wakes Colne
1%
Chassen Road
1%
Chatelherault
1%
Chelford (Cheshire)
1%
Chestfield & Swalecliffe
1%
Cilmeri
1%
City Hospital (Belfast)
1%
Claverdon
1%
Cleland
1%
Clifton (Manchester)
1%
Clipperstown
1%
Combe (Oxfordshire)
1%
Commondale
1%
Connel Ferry
1%
Conon Bridge
1%
Cononley
1%
Corkerhill
1%
Corkickle
1%
Corpach
1%
Craigendoran
1%
Creswell
1%
Croftfoot
1%
Croston
1%
Crowle
1%
Cuddington
1%
Culrain
1%
Cultra
1%
Cwmbach
1%
Cynghordy
1%
Dalmally
1%
Dalreoch
1%
Dalry
1%
Danby
1%
Danescourt
1%
Danzey
1%
Darsham
1%
Darton
1%
Deighton
1%
Dinas Powys
1%
Dinting
1%
Disley
1%
Dodworth
1%
Dove Holes
1%
Drumgelloch (1989)
1%
Drumgelloch (2010)
1%
Drumry
1%
Duirinish
1%
Duke Street
1%
Dumbreck
1%
Duncraig
1%
Dunlop
1%
Eastbrook
1%
East Farleigh
1%
Eastrington
1%
Eccleston Park
1%
Edenbridge Town
1%
Egton
1%
Elmswell
1%
Elton and Orston
1%
Energlyn and Churchill Park
1%
Entwistle
1%
Failsworth
1%
Fairbourne
1%
Fairfield
1%
Fairlie
1%
Fairwater
1%
Falls of Cruachan
1%
Fauldhouse
1%
Fearn
1%
Featherstone
1%
Fernhill
1%
Ffairfach
1%
Flimby
1%
Forsinard
1%
Foxfield
1%
Furness Vale
1%
Garelochhead
1%
Garrowhill
1%
Garscadden
1%
Garswood
1%
Gartcosh
1%
Garth (Mid Glamorgan)
1%
Garth (Powys)
1%
Garve
1%
Gathurst
1%
Giant's Causeway
1%
Giffnock
1%
Gilberdyke
1%
Gilfach Fargoed
1%
Gilshochill
1%
Glaisdale
1%
Glan Conwy
1%
Glasshoughton
1%
Glazebrook
1%
Glengarnock
1%
Glynn
1%
Godley
1%
Goldthorpe
1%
Goostrey
1%
Gorebridge
1%
Greenfaulds
1%
Gwersyllt
1%
Gypsy Lane
1%
Habrough
1%
Haddiscoe
1%
Hag Fold
1%
Hapton
1%
Harman's Cross
1%
Hartwood
1%
Hatfield and Stainforth
1%
Hawarden Bridge
1%
Hawkhead
1%
Healing
1%
Heckington
1%
Heighington
1%
Helen's Bay
1%
Hengoed
1%
Hensall
1%
Hillfoot
1%
Hillington East
1%
Hillington West
1%
Hinchley Wood
1%
Hollingbourne
1%
Holmwood
1%
Holytown
1%
Holywood
1%
Honley
1%
Hopton Heath
1%
Hoscar
1%
Hubberts Bridge
1%
Humphrey Park
1%
Huncoat
1%
Hutton Cranswick
1%
Ince and Elton
1%
Invergowrie
1%
Invershin
1%
Jordanstown
1%
Kearsney
1%
Kelvindale
1%
Kemsing
1%
Kennishead
1%
Kents Bank
1%
Kildonan
1%
Kilgetty
1%
Kilmaurs
1%
Kilpatrick
1%
Kinbrace
1%
King's Cross Thameslink
1%
Kingsknowe
1%
Kirby Cross
1%
Kirkby-in-Ashfield
1%
Kirkby-in-Furness
1%
Kirkconnel
1%
Kirkhill
1%
Kirknewton
1%
Kirk Sandall
1%
Kirkwood
1%
Kirton Lindsey
1%
Kiveton Bridge
1%
Kiveton Park
1%
Knucklas
1%
Lamphey
1%
Landywood
1%
Langbank
1%
Langho
1%
Langside
1%
Langwathby
1%
Larne Harbour
1%
Larne Town
1%
Lazonby and Kirkoswald
1%
Lealholm
1%
Lidlington
1%
Lisvane and Thornhill
1%
Little Sutton
1%
Llanbister Road
1%
Llanbradach
1%
Llandybie
1%
Llangammarch
1%
Llangennech
1%
Llanishen
1%
Llanwrda
1%
Llwynypia
1%
Lochailort
1%
Loch Awe
1%
Loch Eil Outward Bound
1%
Locheilside
1%
Lochgelly
1%
Longbeck
1%
Lostock Gralam
1%
Lostock Hall
1%
Lowdham
1%
Lurgan
1%
Maesteg (Ewenny Road)
1%
Manor Road
1%
Marino
1%
Medstead & Four Marks
1%
Merryton
1%
Middlewood
1%
Milliken Park
1%
Milnrow
1%
Minffordd
1%
Mobberley
1%
Moira
1%
Moorside
1%
Morar
1%
Morfa Mawddach
1%
Mossley West
1%
Mosspark
1%
Mottisfont & Dunbridge
1%
Mouldsworth
1%
Mount Vernon
1%
Muirend
1%
Nafferton
1%
Nethertown
1%
Newcraighall
1%
New Holland
1%
New Hythe
1%
New Lane
1%
Newstead
1%
Newton for Hyde
1%
Newtongrange
1%
Newton-on-Ayr
1%
Nitshill
1%
North Fambridge
1%
North Llanrwst
1%
Nutfield
1%
Pantyffynnon
1%
Parton
1%
Patterton
1%
Pegswood
1%
Pemberton
1%
Pembrey and Burry Port
1%
Penally
1%
Pencoed
1%
Pengam
1%
Penrhiwceiber
1%
Penrhyndeudraeth
1%
Pensarn
1%
Penshurst
1%
Pentre-bach
1%
Pen-y-Bont
1%
Penychain
1%
Penyffordd
1%
Pleasington
1%
Plumley
1%
Pontarddulais
1%
Pontlottyn
1%
Pont-y-Pant
1%
Possilpark and Parkhouse
1%
Poynton
1%
Prestbury
1%
Priesthill & Darnley
1%
Pye Corner
1%
Quakers Yard
1%
Ramsgreave and Wilpshire
1%
Rauceby
1%
Ravensthorpe
1%
Rawcliffe
1%
Rhiwbina
1%
Rhosneigr
1%
Ridgmont
1%
Riding Mill
1%
Risca and Pontymister
1%
Rishton
1%
Rogart
1%
Rogerstone
1%
Rolleston
1%
Roman Bridge
1%
Rose Grove
1%
Rufford
1%
Ruskington
1%
Ruswarp
1%
Ryder Brow
1%
Saltmarshe
1%
Salwick
1%
Sampford Courtenay
1%
Sandal and Agbrigg
1%
Saxilby
1%
Scotscalder
1%
Seahill
1%
Seer Green
1%
Selling
1%
Shawfair
1%
Snaith
1%
South Elmsall
1%
South Milford
1%
Spring Road
1%
Squires Gate
1%
Stallingborough
1%
Stocksfield
1%
Stocksmoor
1%
Stonegate
1%
Strathcarron
1%
Streethouse
1%
Strines
1%
Stromeferry
1%
Sudbury & Harrow Road
1%
Summerston
1%
Sutton Parkway
1%
Swinderby
1%
Swineshead
1%
Tackley
1%
Talybont
1%
Taynuilt
1%
Thornliebank
1%
Thornton Abbey
1%
Thorntonhall
1%
Thorpe Culvert
1%
Thurgarton
1%
Thurnscoe
1%
Tondu
1%
Ton Pentre
1%
Tonypandy
1%
Treforest Estate
1%
Treorchy
1%
Tulloch
1%
Tutbury and Hatton
1%
Ty Croes
1%
Tyndrum Upper
1%
Ulceby
1%
University (of Ulster)
1%
Up Holland
1%
Upper Halliford
1%
Wainfleet
1%
Wallyford
1%
Walsden
1%
Warnham
1%
Wateringbury
1%
Watford Stadium
1%
Watford West
1%
Waun-gron Park
1%
Wedgwood
1%
Weeley
1%
Wellington Shropshire
1%
Wennington
1%
Wetheral
1%
Whifflet
1%
Whitecraigs
1%
Whitlocks End
1%
Whitwell
1%
Widdrington
1%
Wildmill
1%
Williamwood
1%
Willington
1%
Wilmcote
1%
Wood End
1%
Woodhall
1%
Woodlesford
1%
Woodmansterne
1%
Woodsmoor
1%
Wootton Wawen
1%
Worcester (North) Parkway
1%
Worstead
1%
Wrabness
1%
Wrenbury
1%
Wressle
1%
Wythall
1%
Ynyswen
1%
Yorkgate (Belfast)
1%
Ystrad Rhondda
1%
Ballycarry
0%
Ballydugan Halt
0%
Bellarena
0%
Boston Lodge
0%
Branchton
0%
Bucknell
0%
Bushmills
0%
Carnalea
0%
Castleton Moor
0%
Cefn-y-Bedd
0%
Crookston
0%
Cullybackey
0%
Damems
0%
Dduallt
0%
Dean Lane
0%
Derker
0%
Derriaghy
0%
Dhu Varren
0%
Dinas Rhondda
0%
Dolau
0%
Dolgarrog
0%
Dolwyddelan
0%
Downshire
0%
Drumfrochar
0%
Dunmurry
0%
Dyffryn Ardudwy
0%
Finaghy
0%
Goxhill
0%
Herston Halt
0%
Hollinwood
0%
Inch Abbey
0%
Ingrow (West)
0%
Lambeg
0%
Langwith-Whaley Thorns
0%
Llandanwg
0%
Llandecwyn
0%
Llangynllo
0%
Llanhilleth
0%
Llwyngwril
0%
Lochluichart
0%
Loop Platform
0%
Magheramorne
0%
Mannez Quarry
0%
Newhey
0%
Norden
0%
North Woolwich
0%
Norton Bridge
0%
Penhelig
0%
Penryn Cornwall
0%
Plas Halt
0%
Porthmadog Harbour
0%
Poyntzpass
0%
Radcliffe on Trent
0%
Rhyd Ddu
0%
Scarva
0%
Shaw and Crompton
0%
Talsarnau
0%
Tal-y-Cafn
0%
Tan-y-Bwlch
0%
Tanygrisiau
0%
Tir-Phil
0%
Tonfanau
0%
Trehafod
0%
Troed-y-rhiw
0%
Trooperslane
0%
Tygwyn
0%
Waunfawr
0%
Weymouth Quay
0%
Whalley Lancs
0%
Whinhill
0%
Whiteabbey
0%
Whitehead
0%
Whitley Bridge
0%
Worcester (Norton) Parkway
0%
No matching quizzes found
Score Distribution
Percent of People with Each Score
Percentile by Number Answered
Your Score History
You have not taken this quiz